|
|
|
|
| LEADER |
00000nab a2200000 a 4500 |
| 001 |
vtls008872031 |
| 003 |
SK-MaSNL |
| 005 |
20260304140159.0 |
| 008 |
250505c2004 xo mr|p|||||||000 b|slo |
| 015 |
|
|
|a SNBRB2006/10
|2 snkbucl
|
| 035 |
|
|
|a (uuid)f28ed9f8-6b1c-4063-ad54-2a1a772e3d22
|
| 035 |
|
|
|a urn:nbn:sk:snk-ab2zn4
|
| 035 |
|
|
|a (urnnbn)urn:nbn:sk:snk:ar-a049x7
|
| 038 |
|
|
|a SNKBUCL
|
| 040 |
|
|
|a SNKBUCL
|b slo
|c SNKBUCL
|e AACR2
|
| 041 |
0 |
|
|a slo
|
| 044 |
|
|
|a xo
|c SK
|
| 080 |
|
|
|a 342.2(048)
|2 1997
|
| 100 |
1 |
|
|a Botík, Milan
|4 aut
|9 488519
|
| 245 |
1 |
0 |
|a Recenzia na publikáciu: Jaroslav Chovanec: Malý slovník ústavného práva
|c Milan Botík
|
| 650 |
0 |
7 |
|a ústavné právo
|2 snkbucl
|9 2256
|
| 650 |
0 |
7 |
|a výkladové slovníky
|2 snkbucl
|9 92468
|
| 655 |
|
7 |
|a recenzie
|2 snkbucl
|9 21907
|
| 773 |
0 |
|
|t Obchodné právo
|g Roč. V., č. 1 (2004), s. 74
|x 1335-6674
|
| 850 |
|
|
|a Slovenská národná knižnica
|
| 852 |
|
|
|a Slovenská národná knižnica
|
| 954 |
|
|
|a odborná, vedecká literatúra pôvodná (slovenská)
|2 lita
|
| 958 |
|
|
|a article27
|
| 958 |
|
|
|a RC
|
| 958 |
|
|
|a OND
|
| 958 |
|
|
|a EUIPO
|
| 999 |
|
|
|c 2914031
|d 2915961
|